LEADER 01720nam a2200337 4500 001 000000330539 003 CaOOAMICUS 005 20210406143936.0 008 181001s2018 fr 000 u fre r 020 $a978-2-204-12971-8 040 $aSeMil$bita 100 0 $aGregorius : Nyssenus,$c.$0(OLS)http://semarc/name/89135 245 00$aHomélies sur le Notre Père /$cGrégoire de Nysse ; texte, introduction et notes Christian Boudignon et Matthieu Cassin ; traduction Josette Seguin, Christian Boudignon et Matthieu Cassin. 264 1$aParis :$bLes Éditions du Cerf,$c2018. 300 $a570 p. ;$c20 cm 490 1 $aSources chrétiennes ;$v596 546 $aTesto in greco antico e traduzione francese a fronte 650 4$aGregorio : di Nissa - Opere.$0(OLS)http://semarc/subject/252 650 4$aPadre Nostro - Commentari e studi.$0(OLS)http://semarc/subject/2093 700 1 $aCassin, Matthieu,$d<1980- >,$ecuratore.$0(OLS)http://semarc/name/108196 700 1 $aBoudignon, Christian,$ecuratore.$0(OLS)http://semarc/name/74192 700 1 $aSeguin, Josette,$etraduttore.$0(OLS)http://semarc/name/108197 830 0$aSources chrétiennes ;$v596.$0(OLS)http://semarc/title/72 850 $aSeMil 852 $aSeMil$W1$xVenegono$y1$mSL1.U III 596$j228386$B209765$CSeMilBibl$Z2$F209765 $8I 900 0 $aGregorio : di Nissa$c. 996 $6020$a978-2-204-12971-8$9(OLS)http://semarc/number/285258 996 $6245$aHomélies sur le Notre Père$9(OLS)http://semarc/title/418989 996 $6264$aParis :$bLes Éditions du Cerf$9(OLS)http://semarc/publisher/29611 LEADER 01323nam a2200289 i 4500 001 000000036703 003 CaOOAMICUS 005 20080416000000.0 008 080416s1965 it u000 u ita u 013 $a6455 040 $aSeMil$bita 100 1 $aPhilipon, Marie Michel .$0(OLS)http://semarc/name/90373 245 13$aLa chiesa di Dio tra gli uomini :$bsignificato spirituale del Concilio Ecumenico Vaticano 2. /$cMichel Philipon ; [traduzione di Luciana Segreto Amadei]. 260 $aMilano :$bÀncora,$ccopyr. 1965. 300 $a270 p. ;$c19 cm. 490 0 $aCristianesimo aperto 500 $aIn custodia. - Fondo Card. Giovanni Colombo. 650 4$aConcilio Vaticano II <1962-1965>.$0(OLS)http://semarc/subject/283 650 4$aEcclesiologia.$0(OLS)http://semarc/subject/42996 700 1 $aSegreto Amadei, Luciana.$0(OLS)http://semarc/name/17025 830 0$aCristianesimo aperto.$0(OLS)http://semarc/title/6710 850 $aSeMil 852 $aSeMil$W1$xVenegono$y1$m2A II 97 °$j2858$B2858$CSeMilBibl$Z2$F2858 $81 941 1 $a3 961 $aLascito: Colombo Card. Giovanni 996 $6245$aLa chiesa di Dio tra gli uomini :$bsignificato spirituale del Concilio Ecumenico Vaticano 2.$9(OLS)http://semarc/title/50972 996 $6260$aMilano :$bÀncora$9(OLS)http://semarc/publisher/29763